<?xml version="1.0" encoding="UTF-8"?>
<record
    xmlns:xsi="http://www.w3.org/2001/XMLSchema-instance"
    xsi:schemaLocation="http://www.loc.gov/MARC21/slim http://www.loc.gov/standards/marcxml/schema/MARC21slim.xsd"
    xmlns="http://www.loc.gov/MARC21/slim">

  <leader>00647cmm a22001695a 4500</leader>
  <datafield tag="020" ind1=" " ind2=" ">
    <subfield code="a">756123650980</subfield>
  </datafield>
  <datafield tag="040" ind1=" " ind2=" ">
    <subfield code="c">DLC</subfield>
  </datafield>
  <datafield tag="082" ind1=" " ind2=" ">
    <subfield code="a">754 WOR 1994 C279 Or.</subfield>
  </datafield>
  <datafield tag="245" ind1="0" ind2="4">
    <subfield code="a">The Cobb Group's WordPerfect collection CD.</subfield>
  </datafield>
  <datafield tag="260" ind1=" " ind2=" ">
    <subfield code="a">[Louisville, Ky.] :</subfield>
    <subfield code="b">Cobb Group,</subfield>
    <subfield code="c">c1994.</subfield>
  </datafield>
  <datafield tag="300" ind1=" " ind2=" ">
    <subfield code="a">1 CD-ROM ;</subfield>
    <subfield code="c">4 3/4 in.</subfield>
  </datafield>
  <datafield tag="500" ind1=" " ind2=" ">
    <subfield code="a">Title from disc label.</subfield>
  </datafield>
  <datafield tag="500" ind1=" " ind2=" ">
    <subfield code="a">Production level cataloging.</subfield>
  </datafield>
  <datafield tag="520" ind1=" " ind2=" ">
    <subfield code="a">Articles about WordPerfect derived from journals entitled Inside WordPerfect, The WordPerfectionist, and Inside WordPerfect for Windows. Includes shareware, freeware, and public domain utilities.</subfield>
  </datafield>
  <datafield tag="650" ind1=" " ind2="0">
    <subfield code="a">Word processing</subfield>
  </datafield>
  <datafield tag="942" ind1=" " ind2=" ">
    <subfield code="c">AEDBB</subfield>
  </datafield>
  <datafield tag="999" ind1=" " ind2=" ">
    <subfield code="c">22197</subfield>
    <subfield code="d">22197</subfield>
  </datafield>
  <datafield tag="952" ind1=" " ind2=" ">
    <subfield code="0">0</subfield>
    <subfield code="1">0</subfield>
    <subfield code="4">0</subfield>
    <subfield code="6">754_000000000000000_WOR_1994_C279_OR</subfield>
    <subfield code="7">0</subfield>
    <subfield code="9">96482</subfield>
    <subfield code="a">LBC</subfield>
    <subfield code="b">LBC</subfield>
    <subfield code="c">C279</subfield>
    <subfield code="d">2023-11-16</subfield>
    <subfield code="o">754 WOR 1994 C279 Or.</subfield>
    <subfield code="p">a16918</subfield>
    <subfield code="r">2023-11-16</subfield>
    <subfield code="w">2023-11-16</subfield>
    <subfield code="y">AEDBB</subfield>
  </datafield>
</record>
